Statistics for East Asian Islands Map Quiz

Click here to take the quiz!

General Stats

  • This quiz has been taken 246 times
  • The average score is 12 of 20

Answers on the Map

Answers color-coded by a green-red scale on the quiz's map according to % correct below.
 

Answer Stats

Answer% Correct
Honshu
97%
Hokkaido
93%
Taiwan
91%
Hainan
88%
Sakhalin
88%
Kyushu
85%
Jeju
83%
Okinawa
76%
Shikoku
75%
Zhoushan
56%
Bolshoy Shantar
55%
Chongming
48%
Tsushima
44%
Kunashir
32%
Iturup
31%
Sado
31%
Awaji
30%
Amami Ōshima
29%
Urup
20%
Paramushir
19%

Score Distribution

Percentile by Number Answered

Percent of People with Each Score

Your Score History

You have not taken this quiz